<?xml version="1.0" encoding="UTF-8"?>
<record
    xmlns:xsi="http://www.w3.org/2001/XMLSchema-instance"
    xsi:schemaLocation="http://www.loc.gov/MARC21/slim http://www.loc.gov/standards/marcxml/schema/MARC21slim.xsd"
    xmlns="http://www.loc.gov/MARC21/slim">

  <leader>01871cam a22002413a 4500</leader>
  <controlfield tag="001">3238</controlfield>
  <controlfield tag="003">PGUSA</controlfield>
  <controlfield tag="005">20140828083029.0</controlfield>
  <controlfield tag="008">020501s2002||||xxu|||||s|||||000 p eng d</controlfield>
  <datafield tag="040" ind1=" " ind2=" ">
    <subfield code="a">PGUSA</subfield>
    <subfield code="b">eng</subfield>
  </datafield>
  <datafield tag="042" ind1=" " ind2=" ">
    <subfield code="a">dc</subfield>
  </datafield>
  <datafield tag="050" ind1=" " ind2="4">
    <subfield code="a">PS</subfield>
  </datafield>
  <datafield tag="100" ind1="1" ind2=" ">
    <subfield code="a">Wilcox, Ella Wheeler,</subfield>
    <subfield code="d">1850-1919</subfield>
  </datafield>
  <datafield tag="245" ind1="1" ind2="0">
    <subfield code="a">Poems of Cheer</subfield>
    <subfield code="h">[electronic resource] /</subfield>
    <subfield code="c">Ella Wheeler Wilcox</subfield>
  </datafield>
  <datafield tag="260" ind1=" " ind2=" ">
    <subfield code="b">Project Gutenberg,</subfield>
    <subfield code="c">2002</subfield>
  </datafield>
  <datafield tag="505" ind1="0" ind2=" ">
    <subfield code="a">Worth while -- The house of life -- A song of life -- Prayer -- In the long run -- As you go through life -- Two sunsets -- Unrest -- Artist's life -- Nothing but stones -- Inevitable -- The ocean of song -- "It might have been" -- Momus, god of laughter -- I dream -- The sonnet -- The past -- A dream -- Uselessness -- Will -- Winter rain -- Life -- Burdened -- Let them go -- Five kisses -- Retrospection -- Helena -- Nothing remains -- Comrades -- What gain? -- To the west -- The land of content -- Warning -- After the battles are over -- And they are dumb -- Night -- All for me -- Into space -- Through dim eyes -- The punished -- Half fledged -- The year -- The unattained -- In the crowd -- Life and i -- Guerdon -- Snowed under -- "Leudemanns-on-the-River" -- Little Blue Hood -- No spring -- Midsummer -- A reminiscence -- A girl's faith -- Two -- Slipping away -- Is it done? -- A leaf -- Aesthetic -- Poems of the week -- Ghosts -- Fleeing away -- All mad -- Hidden gems -- By-and-bye -- Over the May hill -- Foes -- Friendship -- Two sat down -- Bound and free -- Aquileia -- Wishes for a little girl -- Romney -- My home -- To marry or not to marry? -- An afternoon -- River and sea -- What happens? -- Possession.</subfield>
  </datafield>
  <datafield tag="506" ind1=" " ind2=" ">
    <subfield code="a">Public domain in the USA.</subfield>
  </datafield>
  <datafield tag="516" ind1=" " ind2=" ">
    <subfield code="a">Electronic text</subfield>
  </datafield>
  <datafield tag="653" ind1=" " ind2=" ">
    <subfield code="a">American poetry</subfield>
  </datafield>
  <datafield tag="830" ind1=" " ind2="0">
    <subfield code="a">Project Gutenberg</subfield>
    <subfield code="v">3238</subfield>
  </datafield>
  <datafield tag="856" ind1="4" ind2="0">
    <subfield code="u">http://www.gutenberg.org/ebooks/3238</subfield>
  </datafield>
  <datafield tag="942" ind1=" " ind2=" ">
    <subfield code="c">EB</subfield>
  </datafield>
  <datafield tag="999" ind1=" " ind2=" ">
    <subfield code="c">232567</subfield>
    <subfield code="d">232567</subfield>
  </datafield>
  <datafield tag="952" ind1=" " ind2=" ">
    <subfield code="0">0</subfield>
    <subfield code="1">0</subfield>
    <subfield code="4">0</subfield>
    <subfield code="a">GTB</subfield>
    <subfield code="b">GTB</subfield>
    <subfield code="d">2014-08-28</subfield>
    <subfield code="l">0</subfield>
    <subfield code="r">2014-08-28 00:00:00</subfield>
    <subfield code="w">2014-08-28</subfield>
    <subfield code="y">EB</subfield>
  </datafield>
</record>
